kku e-library facility

Hugo and Russell's Pharmaceutical Microbiology (Record no. 183)

MARC details
000 -LEADER
fixed length control field 00485nam a2200145 4500
005 - DATE AND TIME OF LATEST TRANSACTION
control field 20260227111149.0
008 - FIXED-LENGTH DATA ELEMENTS--GENERAL INFORMATION
fixed length control field 260227b |||||||| |||| 00| 0 eng d
020 ## - INTERNATIONAL STANDARD BOOK NUMBER
International Standard Book Number 9781444330632
100 ## - MAIN ENTRY--PERSONAL NAME
Personal name Denyer P. Stephen, Hodges Norman, Gorman P. Sean, Gilmore F. Brendan
245 ## - TITLE STATEMENT
Title Hugo and Russell's Pharmaceutical Microbiology
Statement of responsibility, etc. /Stephen P. Denyer
250 ## - EDITION STATEMENT
Edition statement 8th Edition
260 ## - PUBLICATION, DISTRIBUTION, ETC.
Place of publication, distribution, etc. United Kingdom;
Name of publisher, distributor, etc. Blackwell Publishing Ltd;
Date of publication, distribution, etc. 2011
300 ## - PHYSICAL DESCRIPTION
Extent ix;513pill;
Dimensions 23.7
942 ## - ADDED ENTRY ELEMENTS (KOHA)
Source of classification or shelving scheme Library of Congress Classification
Suppress in OPAC No
Koha item type Books

No items available.

©2025 All rights reserved. KKU